|
|
|
|
| LEADER |
00000nam2a2200000 4500 |
| 001 |
35175 |
| 005 |
20231030232807.0 |
| 035 |
|
|
|a (RuTPU)RU\TPU\book\35598
|
| 035 |
|
|
|a BOOK00002250
|
| 090 |
|
|
|a 35175
|
| 100 |
|
|
|a 20011210d1987 m y0rusy50 ca
|
| 101 |
0 |
|
|a rus
|
| 102 |
|
|
|a RU
|
| 105 |
|
|
|a a j 001zy
|
| 200 |
0 |
|
|a Кн. 8: Микроэлектронная аппаратура
|
| 210 |
|
|
|d 1987
|
| 215 |
|
|
|a 127 с.
|
| 461 |
|
1 |
|0 (RuTPU)RU\TPU\book\58758
|t Микроэлектроника
|o Учебное пособие для втузов в 9 кн.
|f Под ред. Л. А. Коледова
|v Кн. 8: Микроэлектронная аппаратура
|d 1987-
|
| 610 |
1 |
|
|a электронная техника
|
| 610 |
1 |
|
|a технология
|
| 610 |
1 |
|
|a микроэлектроника
|
| 610 |
1 |
|
|a микроэлектронная аппаратура
|
| 610 |
1 |
|
|a аналоговая аппаратура
|
| 610 |
1 |
|
|a конструкции
|
| 610 |
1 |
|
|a материалы
|
| 610 |
1 |
|
|a учебные пособия
|
| 675 |
|
|
|a 621.382.049(075.8)
|v 3
|
| 801 |
|
0 |
|a RU
|b 63413507
|c 20011210
|g PSBO
|
| 801 |
|
2 |
|a RU
|b 63413507
|c 20150521
|g PSBO
|
| 900 |
|
|
|a Технология материалов и изделий электронной техники
|a Конструирование электронных устройств
|
| 942 |
|
|
|c BK
|